Posguerra : publicidad y propaganda : 1939-1959 /
Gardado en:
| Autor Corporativo: | |
|---|---|
| Outros autores: | , , , , |
| Formato: | Libro |
| Idioma: | Lingua castelá |
| Publicado: |
Madrid, España :
Círculo de Bellas Artes,
2007, c2007
|
| Temas: | |
| Etiquetas: |
Sen Etiquetas, Sexa o primeiro en etiquetar este rexistro!
|
MARC
| LEADER | 00000nam^a2200000^a^4500 | ||
|---|---|---|---|
| 001 | 000399959 | ||
| 005 | 20250521000000.0 | ||
| 009 | 20260310121606.536 | ||
| 020 | |a 978-84-86418-95-3 | ||
| 037 | |a Acervo ITESO - Biblioteca | ||
| 041 | |a ESP | ||
| 082 | |a 741. 670946082 |b CBA SUE | ||
| 110 | |a Círculo de Bellas Artes | ||
| 245 | 1 | 0 | |a Posguerra : |b publicidad y propaganda : 1939-1959 / |c Círculo de Bellas Artes ; comisaria S. Sueiro Seoane ; ed. de J. Doce... [et al.] ; texto de F. Sevillano Calero... [et al.] ; presen. de C. Calvo, J.M. Hernández León. |
| 264 | 4 | |a Madrid, España : |b Círculo de Bellas Artes, |c 2007, c2007 | |
| 300 | |a 325 p. | ||
| 336 | |a texto |b txt |2 rdacontenido | ||
| 337 | |a sin mediación |b n |2 rdamedio | ||
| 338 | |a volumen |b nc |2 rdasoporte | ||
| 521 | |a FIL 2017 EEnlace Departamento de Estudios Socioculturales | ||
| 649 | |a XX | ||
| 650 | |a Mujeres Españolas - |x Historia - |y Franquismo, 1939-1975 | ||
| 650 | |a Museos y Galerías - |z Madrid, España - |x Exposiciones - |x Catálogos | ||
| 650 | |a Museos y Galerías - |z España - |x Exposiciones - |x Catálogos | ||
| 650 | |a Propaganda - |z España - |x Exposiciones - |x Catálogos - |x Tema Principal | ||
| 650 | |a Propaganda - |z España - |x Historia - |y Franquismo, 1939-1975 - |x Tema Principal | ||
| 650 | |a Propaganda - |z España - |x Historia - |y Siglo XX | ||
| 650 | |a Publicidad Impresa - |z España - |x Exposiciones - |x Catálogos - |x Tema Principal | ||
| 650 | |a Publicidad Impresa - |z España - |x Historia - |y Franquismo, 1939-1975 - |x Tema Principal | ||
| 650 | |a Publicidad Impresa - |z España - |x Historia - |y Siglo XX | ||
| 650 | |a Publicidad - |z España - |x Exposiciones - |x Catálogos | ||
| 650 | |a Publicidad - |z España - |x Historia - |y Franquismo, 1939-1975 | ||
| 650 | |a Publicidad - |z España - |x Historia - |y Siglo XX | ||
| 650 | |a Carteles - |z España - |x Exposiciones - |x Catálogos | ||
| 650 | |a Carteles - |z España - |x Historia y Crítica | ||
| 650 | |a Diseño Gráfico - |z España - |x Exposiciones - |x Catálogos | ||
| 650 | |a Diseño Gráfico - |z España - |x Historia y Crítica | ||
| 650 | |a Diseño Español - |x Exposiciones - |x Catálogos | ||
| 650 | |a Diseño Español - |x Historia y Crítica | ||
| 650 | |a Diseño Español - |y Siglo XX | ||
| 650 | |a Arte Español - |x Exposiciones - |x Catálogos | ||
| 650 | |a Arte Español - |x Historia y Crítica | ||
| 650 | |a Medios Impresos - |z España - |x Historia - |y Franquismo, 1939-1975 | ||
| 650 | |a Medios de Comunicación y Estado - |z España - |x Historia - |y Franquismo, 1939-1975 | ||
| 650 | |a Religión y Comunicación - |z España - |x Historia - |y Franquismo, 1939-1975 | ||
| 650 | |a Política y Religión - |z España - |x Historia - |y Franquismo, 1939-1975 | ||
| 650 | |a Comunicación y Política - |z España - |x Historia - |y Franquismo, 1939-1975 | ||
| 650 | |a Comunicación Masiva - |z España - |x Historia - |y Franquismo, 1939-1975 | ||
| 650 | |a España - |x Historia - |y Franquismo, 1939-1975 | ||
| 650 | |a España - |x Historia - |y Siglo XX | ||
| 700 | |a Sueiro Seoane, Susana |e (curaduría) | ||
| 700 | |a Doce, Jordi |e (edición) | ||
| 700 | |a Sevillano Calero, Francisco |e (texto) | ||
| 700 | |a Calvo Poyato, Carmen |e (presentación) | ||
| 700 | |a Hernández León, Juan Miguel |e (presentación) | ||
| 910 | |a Fondo General | ||
| 920 | |a Impresos - Libros | ||
| 930 | |a Reserva Especial | ||
| 905 | |a 103 | ||
| 901 | |a 0500295360 |b IT1 |c REE |i c157691 |u 20250521 | ||
| 902 | |a https://opac.biblio.iteso.mx/vufind/Record/000399959 | ||